| 000 | 00448nam a22001457a 4500 | ||
|---|---|---|---|
| 020 | _a9789381714621 | ||
| 082 |
_a664 _bRYA/HA |
||
| 100 |
_aRyall,Lloyd A. _993 |
||
| 100 |
_aLipton,Werner J. _9907 |
||
| 245 | _aHandling, Transportation and Storage of Fruits and Vegetables - volume - 1: Vegetables and Melons | ||
| 250 | _a2 nd | ||
| 260 |
_aNew Delhi _bMedtec An Imprint of Scientific International Pvt. Ltd _c2014 |
||
| 300 | _a587 | ||
| 942 | _cBK | ||
| 999 |
_c14520 _d14520 |
||